000 00959nam a2200289Ia 4500
001 Para_117
003 CHAP
008 220125s1990 xx 000 0 und d
010 _a204450
040 _cCHAP
090 _aPA FOLLETO 3084
100 _aVidales Fernandez, Jose Agustin
_9119260
245 _aEtiologia y distribucion de la marchitez del melon Cucumis melo L. en el valle de Apatzingan, Mich. /
_c por Jose Agustin Vidales Fernandez, [y otros]
260 _aApatzingan, Mich. :
_b INIFAP. Campo Experimental Valle de Apatzingan
300 _a11 p.
410 _aFolleto tecnico; 7
650 _aMelon
_xEnfermedades
_974449
650 _aMelón
_xMichoacán
_974469
710 _aI. INIFAP. México. Campo Experimental Valle de...
_9170404
901 _aPA FOLLETO 3084
902 _aA
905 _a0000001990 I 0000000000 00
910 _a1990
942 _cPARA
942 _cPARA
_d1
999 _c204450
_d204450